<?xml version="1.0" encoding="UTF-8"?>
<record
    xmlns:xsi="http://www.w3.org/2001/XMLSchema-instance"
    xsi:schemaLocation="http://www.loc.gov/MARC21/slim http://www.loc.gov/standards/marcxml/schema/MARC21slim.xsd"
    xmlns="http://www.loc.gov/MARC21/slim">

  <leader>00729nam a22001337a 4500</leader>
  <datafield tag="040" ind1=" " ind2=" ">
    <subfield code="c">RRUA</subfield>
  </datafield>
  <datafield tag="082" ind1=" " ind2=" ">
    <subfield code="a">AGR  KEA 2017 B633 Or.1</subfield>
  </datafield>
  <datafield tag="100" ind1=" " ind2=" ">
    <subfield code="a">KEAN VICHET &#x1782;&#x17B6;&#x179A; &#x179C;&#x17B7;&#x1785;&#x17B7;&#x178F;&#x17D2;&#x179A;</subfield>
  </datafield>
  <datafield tag="245" ind1=" " ind2=" ">
    <subfield code="a">comparison of neem oil rate on diamonback moth and flea beetle management in chines kale &#x1780;&#x17B6;&#x179A;&#x1794;&#x17D2;&#x179A;&#x17C0;&#x1794;&#x1792;&#x17C0;&#x1794;&#x1780;&#x1798;&#x17D2;&#x179A;&#x17B7;&#x178F;&#x1791;&#x17B9;&#x1780;&#x179B;&#x17D2;&#x1796;&#x17C5;&#x1780;&#x17D2;&#x1793;&#x17BB;&#x1784;&#x1780;&#x17B6;&#x179A;&#x1782;&#x17D2;&#x179A;&#x1794;&#x17CB;&#x1782;&#x17D2;&#x179A;&#x1784;&#x179C;&#x178F;&#x17D2;&#x178F;&#x1798;&#x17B6;&#x1793;&#x178A;&#x1784;&#x17D2;&#x1780;&#x17BC;&#x179C;&#x1799;&#x17C4;&#x1784;&#x1791;&#x17C4;&#x179B;&#x1793;&#x17B7;&#x1784;&#x1791;&#x17C0;&#x1780;&#x1782;&#x17BC;&#x179B;&#x17BE;&#x178A;&#x17C6;&#x178E;&#x17B6;&#x17C6;&#x1781;&#x17B6;&#x178F;&#x17CB;&#x178E;&#x17B6;&#x178A;&#x17BE;&#x1798; </subfield>
  </datafield>
  <datafield tag="260" ind1=" " ind2=" ">
    <subfield code="a">RUA</subfield>
    <subfield code="b">phnom penh</subfield>
    <subfield code="c">2017</subfield>
  </datafield>
  <datafield tag="300" ind1=" " ind2=" ">
    <subfield code="a">viii;30p</subfield>
    <subfield code="b">ill;</subfield>
    <subfield code="c">29cm</subfield>
  </datafield>
  <datafield tag="856" ind1=" " ind2=" ">
    <subfield code="u">https://drive.google.com/file/d/1j-cfUTntYsEHk_oOeEchiTBPMHYL5xDj/view?usp=sharing</subfield>
  </datafield>
  <datafield tag="942" ind1=" " ind2=" ">
    <subfield code="c">AGR</subfield>
  </datafield>
  <datafield tag="999" ind1=" " ind2=" ">
    <subfield code="c">17960</subfield>
    <subfield code="d">17960</subfield>
  </datafield>
  <datafield tag="952" ind1=" " ind2=" ">
    <subfield code="0">0</subfield>
    <subfield code="1">0</subfield>
    <subfield code="2">ddc</subfield>
    <subfield code="4">0</subfield>
    <subfield code="6">AGR_KEA_2017_000000000000000_B633_OR_1</subfield>
    <subfield code="7">0</subfield>
    <subfield code="9">79376</subfield>
    <subfield code="a">LBB</subfield>
    <subfield code="b">LBB</subfield>
    <subfield code="c">B633</subfield>
    <subfield code="d">2019-07-12</subfield>
    <subfield code="l">2</subfield>
    <subfield code="o">AGR  KEA 2017 B633 Or.1</subfield>
    <subfield code="p">A43269</subfield>
    <subfield code="r">2019-10-22</subfield>
    <subfield code="s">2019-10-11</subfield>
    <subfield code="w">2019-07-12</subfield>
    <subfield code="y">AGR</subfield>
  </datafield>
  <datafield tag="952" ind1=" " ind2=" ">
    <subfield code="0">0</subfield>
    <subfield code="1">0</subfield>
    <subfield code="2">ddc</subfield>
    <subfield code="4">0</subfield>
    <subfield code="6">AGR_KEA_2017_000000000000000_B633_OR_2</subfield>
    <subfield code="7">0</subfield>
    <subfield code="9">79377</subfield>
    <subfield code="a">LBB</subfield>
    <subfield code="b">LBB</subfield>
    <subfield code="c">B633</subfield>
    <subfield code="d">2019-07-12</subfield>
    <subfield code="o">AGR  KEA 2017 B633 Or.2</subfield>
    <subfield code="p">A42079</subfield>
    <subfield code="r">2019-07-12</subfield>
    <subfield code="w">2019-07-12</subfield>
    <subfield code="y">AGR</subfield>
  </datafield>
  <datafield tag="952" ind1=" " ind2=" ">
    <subfield code="0">0</subfield>
    <subfield code="1">0</subfield>
    <subfield code="2">ddc</subfield>
    <subfield code="4">0</subfield>
    <subfield code="6">AGR_KEA_2017_000000000000000_B633_OR_3</subfield>
    <subfield code="7">0</subfield>
    <subfield code="9">79378</subfield>
    <subfield code="a">LBB</subfield>
    <subfield code="b">LBB</subfield>
    <subfield code="c">B633</subfield>
    <subfield code="d">2019-07-12</subfield>
    <subfield code="o">AGR  KEA 2017 B633 Or.3</subfield>
    <subfield code="p">A42229</subfield>
    <subfield code="r">2019-07-12</subfield>
    <subfield code="w">2019-07-12</subfield>
    <subfield code="y">AGR</subfield>
  </datafield>
  <datafield tag="952" ind1=" " ind2=" ">
    <subfield code="0">0</subfield>
    <subfield code="1">0</subfield>
    <subfield code="2">ddc</subfield>
    <subfield code="4">0</subfield>
    <subfield code="6">AGR_KEA_2017_000000000000000_B633_OR_4</subfield>
    <subfield code="7">0</subfield>
    <subfield code="9">79379</subfield>
    <subfield code="a">LBB</subfield>
    <subfield code="b">LBB</subfield>
    <subfield code="c">B633</subfield>
    <subfield code="d">2019-07-12</subfield>
    <subfield code="l">1</subfield>
    <subfield code="o">AGR  KEA 2017 B633 Or.4</subfield>
    <subfield code="p">A42299</subfield>
    <subfield code="r">2024-02-29</subfield>
    <subfield code="s">2024-02-21</subfield>
    <subfield code="w">2019-07-12</subfield>
    <subfield code="y">AGR</subfield>
  </datafield>
  <datafield tag="952" ind1=" " ind2=" ">
    <subfield code="0">0</subfield>
    <subfield code="1">0</subfield>
    <subfield code="2">ddc</subfield>
    <subfield code="4">0</subfield>
    <subfield code="6">AGR_KEA_2017_000000000000000_B633_OR_5</subfield>
    <subfield code="7">0</subfield>
    <subfield code="9">79380</subfield>
    <subfield code="a">LBB</subfield>
    <subfield code="b">LBB</subfield>
    <subfield code="c">B633</subfield>
    <subfield code="d">2019-07-12</subfield>
    <subfield code="o">AGR  KEA 2017 B633 Or.5</subfield>
    <subfield code="p">A42374</subfield>
    <subfield code="r">2019-07-12</subfield>
    <subfield code="w">2019-07-12</subfield>
    <subfield code="y">AGR</subfield>
  </datafield>
  <datafield tag="952" ind1=" " ind2=" ">
    <subfield code="0">0</subfield>
    <subfield code="1">0</subfield>
    <subfield code="2">ddc</subfield>
    <subfield code="4">0</subfield>
    <subfield code="6">AGR_KEA_2017_000000000000000_B633_OR_6</subfield>
    <subfield code="7">0</subfield>
    <subfield code="9">79381</subfield>
    <subfield code="a">LBB</subfield>
    <subfield code="b">LBB</subfield>
    <subfield code="c">B633</subfield>
    <subfield code="d">2019-07-12</subfield>
    <subfield code="o">AGR  KEA 2017 B633 Or.6</subfield>
    <subfield code="p">A42524</subfield>
    <subfield code="r">2019-07-12</subfield>
    <subfield code="w">2019-07-12</subfield>
    <subfield code="y">AGR</subfield>
  </datafield>
</record>
